Total Drama World Tour Elimination Order - Statistics

General Stats
  • This quiz has been taken 121 times
  • The average score is 16 of 18
Answer Stats
Placement Answer % Correct
18th Duncan
96%
17th Ezekiel
94%
16th Harold
91%
15th Bridgette
89%
2nd / 1st Alejandro
88%
3rd Cody
88%
1st / 2nd Heather
88%
13th Lindsay
88%
6th (tie) Blaineley / Courtney
87%
8th Gwen
87%
4th Sierra
87%
11th DJ
85%
14th Leshawna
85%
10th Noah
85%
7th Owen
85%
5th Duncan
84%
12th Izzy
84%
9th Tyler
84%
No matching quizzes found
Score Distribution
Percent of People with Each Score
Percentile by Number Answered
Your Score History
You have not taken this quiz